000
00311nam a22001217a 4500
003
OSt
008
160702b xxu||||| |||| 00| 0 eng d
100
_9
1781
_a
Gupta, A
245
_a
Lighthouse English Translation
260
_a
New Delhi
_b
Arya
_c
2004
300
_a
Lighthouse English Translation
942
_2
ddc
_c
BK
999
_c
1485
_d
1485